000 02190cam a22004574i 4500
003 PE-LiUPU
005 20250731165403.0
008 151001s2011 pe grm 000 0 spa d
035 _a(Sirsi) a154728
040 _aPE-LiUPU
_bspa
_cPE-LiUPU
_erda
099 _aTE 3
_bV39 2011
100 1 _aAngel Eduardo, Velez Acebo
_eautor
245 1 _aPrograma capacidades técnicas: su eficiencia en el mejoramiento de competencias contables en los Centros de Formación de Trabajo de los alumnos del Colegio Adventista Miguel de Unamuno Ecuador - 2009 /
_cVelez Acebo Angel Eduardo.
264 0 _c2011.
300 _a177 hojas
_c30 cm
336 _atext
_2rdacontent
337 _aunmediated
_2rdamedia
338 _avolume
_2rdacarrier
502 _aTesis
_b(Mg.) --
_cUniversidad Peruana Unión,
_d2011.
504 _aIncluye referencias
520 3 _aLas competencias profesionales en el área del conocimiento cobran una especial importancia de cara al desarrollo laboral al que opten los individuos; conocerlas, identificarlas y desarrollarlas son la clave para acercarnos al concepto de empleabilidad. Los cambios tecnológicos, económicos, políticos y sociales actuales, plantean un nuevo contexto laboral para los trabajadores y las organizaciones. Este nuevo enfoque, supone retos para las empresas; uno de los más importantes es la cualificación de la mano de obra, que debe adaptarse rápidamente al cambio que experimenta la sociedad que avanza a pasos agigantados.
526 _aSEG44
526 _aSEG26
526 _aP151
526 _aP150
526 _aP149
526 _aP146
526 _aP145
526 _aP126
526 _aP125
526 _aP92
526 _aP75
526 _aP74
526 _aP27
526 _aP15
650 0 4 _aCompetencias contables
_xEducación Adventista
_xPlanes y programas
_xEcuador.
596 _a1
942 _2ddc
_cTESIS
999 _aTE 3 V39 2011
_wALPHANUM
_c7427
_iT01228
_lCCODEBUL3
_mBUL
_r1
_sY
_tTESIS
_u2015-10-1
_xPOSGRADO
_PP57
_o.STAFF. Tesis
_d7427
999 _aTE 3 V39 2011
_wALPHANUM
_c2
_iT01704
_lCCODEBUL3
_mBUL
_r1
_sY
_tTESIS
_u2015-10-1
_xPOSGRADO
_PP57
_o.STAFF. Tesis
980 _81
_gALBERTO SANCHEZ Responsable de Automatización